Tapez Jeff Bezos en 20 secondes pour le sauver - Statistiques

Statistiques générales
  • Ce quiz a été pris 1 139 fois
  • Le résultat moyen est 6 sur 15
Statistiques - réponses
Hint Réponse % Correct
1 Jeff Bezos
99%
2 Jeff Bezos
87%
3 Jeff Bezos
75%
4 Jeff Bezos
67%
5 Jeff Bezos
57%
6 Jeff Bezos
44%
7 Jeff Bezos
34%
8 Jeff Bezos
23%
9 Jeff Bezos
18%
10 Jeff Bezos
16%
11 Jeff Bezos
13%
12 Jeff Bezos
13%
13 Jeff Bezos
13%
14 Jeff Bezos
13%
15 Jeff Bezos
12%
Aucun quiz correspondant
Distribution des résultats
% des personnes avec chaque résultat
Percentile par nombre de réponses
Votre historique - résultats
Vous n’avez pas pris ce quiz